Applied mechanics (Record no. 3688)

MARC details
000 -LEADER
fixed length control field 00390nam a22001577a 4500
008 - FIXED-LENGTH DATA ELEMENTS--GENERAL INFORMATION
fixed length control field 250526b |||||||| |||| 00| 0 eng d
020 ## - INTERNATIONAL STANDARD BOOK NUMBER
ISBN 0582256321
100 ## - MAIN ENTRY--AUTHOR
Author Hillier, M.J.
245 ## - TITLE STATEMENT
Title Applied mechanics
250 ## - EDITION STATEMENT
Edition statement 3rd
260 ## - PUBLICATION, DISTRIBUTION, ETC. (IMPRINT)
Place of publication England
Name of publisher Pearson education limited
Date of publication 1999
300 ## - COLLATION
Pagination xi, 448 p.
Other physical details ill.
650 ## - TRACINGS
Main Subject mechanics, Applied
942 ## - ADDED ENTRY ELEMENTS (KOHA)
Item type Books
050 ## - LIBRARY OF CONGRESS CALL NUMBER
Classification number TA439
Item number .H55
Holdings
Source of classification or shelving scheme Not for loan Permanent location Current location Date acquired Accession No. Full call number Barcode. Koha item type
Library of Congress Classification   Engineering Library Engineering Library 05/26/2025 2023/61013 TA439.H55 2025-2212 Books
Library of Congress Classification   Engineering Library Engineering Library 05/26/2025 2023/61013 TA439.H55 2025-2213 Books
Library of Congress Classification   Engineering Library Engineering Library 05/26/2025 2023/61013 TA439.H55 2025-2214 Books
Library of Congress Classification   Engineering Library Engineering Library 05/26/2025 2023/61013 TA439.H55 2025-2215 Books